Ethnic Groups in the United States - Statistics

General Stats
  • This quiz has been taken 2,453 times
    1,770 since last reset
  • The average score is 84 of 225
Answer Stats
Population Answer % Correct
44.8 million German
94%
25.9 million English
92%
33.3 million Irish
91%
17.2 million Italian
91%
10.3 million French
90%
3.8 million Han Chinese
90%
36.2 million Mexican
89%
3.2 million Russian
88%
10.7 million Spanish
88%
1.5 million Japanese
85%
4.3 million Swede
84%
9.5 million Pole
83%
2.2 million Korean
80%
3 million Greek
79%
500,000 Turk
79%
3.7 million Arab
78%
4.5 million Dutch
78%
10,000 Georgian Jew
78%
4.6 million Norwegian
78%
25 million Scot
78%
650,000 Finn
77%
370,000 Brazilian
75%
1.4 million Portuguese
74%
2.1 million Vietnamese
74%
1.5 million Dane
73%
976,000 Ukrainian
73%
40.9 million African American
72%
1 million Roma
72%
6 million Ashkenazi
71%
200,000 Serb
71%
1,000 Beta Israel
70%
10,000 Italki
70%
40,000 Juhuri
70%
250,000 Mizrahi
70%
300,000 Sephardi
70%
2.2 million Cuban
69%
247,000 Thai
69%
1.2 million Croat
68%
797,000 Slovak
68%
2 million Welsh
67%
248,800 Argentine
66%
1.7 million Czech
66%
1.1 million Colombian
65%
1.4 million Hungarian
65%
520,000 Romanian
64%
1.5 million Armenian
63%
1 million Persian
63%
2.6 million Tagalog
63%
1.1 million Bavarian
62%
250,000 Bulgarian
62%
1.9 million Dominican
62%
33,500 Dominiquais
62%
102,000 Latvian
62%
652,800 Lithuanian
62%
178,000 Slovene
62%
200,000 Albanian
61%
27,100 Estonian
61%
975,000 Haitian
61%
95,000 Malay
61%
350,000 Bosniak
60%
321,600 Venezuelan
60%
680,000 Austrian
59%
140,000 Chilean
59%
100,000 Indo
59%
20,500 Mongol
59%
646,400 Peruvian
59%
1.4 million Guatemalan
58%
200,000 Lao
58%
250,000 Bengali
56%
50,800 Uzbek
56%
1.1 million Jamaican
55%
24,600 Kazakh
54%
54,000 Azeri
53%
712,100 Ecuadorian
51%
300,000 Navajo
51%
119,100 Bolivian
50%
42,700 Icelander
50%
253,000 Punjabi
50%
52,000 Tajik
50%
5,000 Turkmen
50%
142,200 Costa Rican
49%
50,000 Macedonian
49%
240,000 Tamil
49%
96,400 Bamar
48%
71,000 Lhotshampa
48%
59,500 Nepali
48%
405,600 Nicaraguan
48%
135,000 Somali
48%
948,600 Honduran
47%
800,000 Belarusian
46%
820,000 Cherokee
45%
66,800 Uruguayan
45%
17,000 Kurd
43%
24,900 Paraguayan
43%
530,000 Hawaiian
42%
8.7 million Puerto Rican
42%
400,000 Assyrian
41%
138,600 Pashtun
40%
16,600 Inuit
39%
280,000 Khmer
39%
7,800 Moldovan
39%
183,700 Panamanian
39%
230,000 Samoan
39%
170,000 Sioux
39%
1,300 Berber
37%
1,740 Catalan
37%
223,600 Trinidadian
37%
56,500 Bahamian
36%
223,000 Igbo
36%
40,800 Maltese
36%
57,800 Basque
35%
7,000 Crimean Tatar
34%
270,000 Guyanese
34%
9,000 Tibetan
34%
1.7 million Gujarati
33%
260,000 Hmong
33%
3,500 Maori
33%
1.8 million Yoruba
33%
10,000 Fijian
32%
85,200 Sicilian
32%
2,800 Surinamese
32%
2.2 million Salvadoran
31%
18,000 Fleming
30%
40,000 Montenegrin
30%
298,000 Muhajir
29%
35,000 Marathi
28%
13,000 Afrikaner
27%
15,400 Galician
27%
40,700 Luxembourger
26%
250,000 Telugu
26%
57,200 Tongan
26%
65,700 Bajan
25%
2 million Cornish
25%
1,000 Chechen
24%
31,300 Grenadian
24%
41,000 Sinhalese
24%
15,200 Antiguan
23%
111,800 Apache
23%
5,600 Mohawk
23%
54,900 Belizean
22%
50,000 Oromo
22%
450,000 Coptic
21%
5.4 million Scotch-Irish
21%
1,800 Corsican
20%
18,600 Seminole
20%
1.2 million Cajun
19%
6,700 Manx
19%
88,300 Muscogee
19%
14,600 Saint Lucian
19%
10,000 Seneca
19%
9,800 Sindhi
19%
11,400 Oneida
18%
1,000 Quechua
18%
340,000 Amish
17%
5,300 Cayuga
17%
160,000 Choctaw
17%
7,500 Palauan
17%
17,400 Tuscarora
17%
195,300 Amhara
16%
2 million Fula
16%
22,400 Marshallese
16%
170,700 Ojibwe
15%
901,000 Acadian
14%
16,500 Blackfoot
14%
3,100 Frisian
14%
8,000 Nauruan
14%
20,000 Tigrayan
14%
19,000 Wolof
13%
15,200 Andalusian
12%
6.6 million Mormon
12%
8,900 Rusyn
12%
25,000 Circassian
11%
15,100 Comanche
11%
18,300 Hopi
11%
1,800 Sorb
11%
6,750 Aleut
10%
3,300 Asturian
10%
13,000 Bantu
10%
6,000 Bermudian
10%
5,300 Cebuano
10%
12,000 Crow
10%
64,800 Karen
10%
3,000 Cham
9%
23,000 Cheyenne
9%
27,000 Mennonite
9%
4,400 Ryukyuan
9%
33,900 Yupik
9%
50,000 Druze
8%
10,000 Hazara
8%
6,400 Kittian
8%
21,600 Vincentian
8%
5,100 Canarian
7%
72,000 Chamorro
7%
12,000 Rohingya
7%
5,000 Tahitian
7%
103,000 Cape Verdean
6%
81,000 Ilocano
6%
3,000 Kalmyk
6%
12,600 Lenape
6%
12,300 Shoshone
6%
10,000 Yazidi
6%
5,300 Mandinka
5%
3,000 Mauritian
5%
245,000 Chaldean
4%
250,000 Gullah
4%
20,700 Iñupiat
4%
60,000 Iu Mien
4%
19,200 Zuni
4%
500,000 Californio
3%
8,500 Carolinian
3%
1,800 Chewa
3%
750,000 Neomexicano
3%
6,000 Caddo
2%
4,000 Chuukese
2%
30,000 Fiji Indians
2%
70,000 Garifuna
2%
3,500 Mandaean
2%
34,000 O'odham
2%
7,000 Winnebago
2%
2,500 Yapese
2%
45,000 Hutterite
1%
1,000 Kosraean
1%
15,000 Macanese
1%
2,300 Tsimshian
1%
15,000 Ponhpeian
0%
No matching quizzes found
Score Distribution
Percent of People with Each Score
Percentile by Number Answered
Your Score History
You have not taken this quiz since the last reset